LIBRARY & INFORMATION CENTRE, KCAET, TAVANUR

ONLINE PUBLIC ACCESS CATALOGUE (OPAC)

Sanitation in food processing / (Record no. 9926)

MARC details
000 -LEADER
fixed length control field 00420cam a2200169ua 4500
020 ## - INTERNATIONAL STANDARD BOOK NUMBER
ISBN 0-12-70060-5
041 ## - LANGUAGE CODE
Language code of text/sound track or separate title eng
082 ## - DEWEY DECIMAL CLASSIFICATION NUMBER
Classification number 664.02
Item number TRO/SA
100 ## - MAIN ENTRY--AUTHOR NAME
Personal name Troller, John A .
245 ## - TITLE STATEMENT
Title Sanitation in food processing /
250 ## - EDITION STATEMENT
Edition statement 1 /
260 ## - PUBLICATION, DISTRIBUTION, ETC. (IMPRINT)
Place of publication New York :
Name of publisher Academic Press ,
Year of publication 1983.
300 ## - PHYSICAL DESCRIPTION
Number of Pages 456 ; .
942 ## - ADDED ENTRY ELEMENTS (KOHA)
Koha item type Books
Holdings
Withdrawn status Lost status Damaged status Home library Current library Date acquired Full call number Accession Number Koha item type
      KAUAET KAUAET 27/03/1987 664.02 16173 Books
free website counter